| 000 | 00394cam a2200145ua 4500 | ||
|---|---|---|---|
| 041 |
_aeng _h |
||
| 082 |
_a331.125 _bJOA/IN |
||
| 100 | _aJoan, Robinson . | ||
| 245 |
_aIntroduction to the theory of employment / _cJoan Robinson. _hTextual Documents |
||
| 260 |
_aMelbourne : _bMacMillan and Company Limited , _c1960. |
||
| 300 | _a102 ; . | ||
| 504 | _a | ||
| 942 | _cBK | ||
| 999 |
_c1325 _d1325 |
||